Securing and Collaboration Sustainable Supply Chain in Food Industry with Example from Slovak Company
Udržateľný dodávateľský reťazec a jeho sekuritizácia a spolupráca zainteresovaných podnikov. Analýza aspektov udržateľnosti spočívajúce v hospodárskom, environmentálnom a sociálnom hľadisku. Model udržateľného dodávateľského reťazca. Spolupráca v oblasti riadenia dodávateľského reťazca.
Gespeichert in:
| 1. Verfasser: | |
|---|---|
| Format: | Buchkapitel |
| Sprache: | Englisch |
| Schlagworte: | |
| Tags: |
Keine Tags, Fügen Sie das erste Tag hinzu!
|
MARC
| LEADER | 00000naa$a2200000$$$4500 | ||
|---|---|---|---|
| 001 | 0271516 | ||
| 005 | 20240502074257.6 | ||
| 041 | 0 | |a eng | |
| 044 | |a SK | ||
| 245 | 1 | 0 | |a Securing and Collaboration Sustainable Supply Chain in Food Industry with Example from Slovak Company |c Michal Pružinský |
| 520 | |a Udržateľný dodávateľský reťazec a jeho sekuritizácia a spolupráca zainteresovaných podnikov. Analýza aspektov udržateľnosti spočívajúce v hospodárskom, environmentálnom a sociálnom hľadisku. Model udržateľného dodávateľského reťazca. Spolupráca v oblasti riadenia dodávateľského reťazca. | ||
| 610 | 2 | 0 | |a reťazce dodávateľsko-odberateľské |
| 610 | 2 | 0 | |a priemysel potravinársky |
| 610 | 2 | 0 | |a sekuritizácia |
| 610 | 2 | 0 | |a Slovensko |
| 100 | 1 | |a Pružinský, Michal, 1952- | |